| 000 | 00963nam a22002417a 4500 | ||
|---|---|---|---|
| 003 | OSt | ||
| 005 | 20260224111033.0 | ||
| 008 | 240830b ||||| |||| 00| 0 eng d | ||
| 040 | _c0 | ||
| 082 | _aDper 647.94068 In821 April-May 2019 v. 78-79 | ||
| 100 |
_aGim, Jaehee. _eauthor. _959570 |
||
| 245 |
_aDo franchise firms manage their earnings more? Investigating the earnings management of restaurant firms / _cJaehee Gim, Kyuwan Choi, and SooCheong (Shawn) Jang. |
||
| 260 |
_aAmsterdam ; _bElsevier , _cMay 2019. |
||
| 300 |
_aVolume 79, pages 70-77 : _billustration ; _c28 cm. |
||
| 500 | _aInternational Journal of Hospitality Management, vol. 79, pages 70-77, May 2019. | ||
| 650 | 0 |
_aEarnings management. _968792 |
|
| 650 | 0 |
_aFranchising. _964862 |
|
| 650 | 0 |
_aRestaurant firms. _968702 |
|
| 700 |
_aGim, Jaehee. _eauthor. _959570 |
||
| 700 |
_aChoi, Kyuwan. _eauthor. _959571 |
||
| 700 |
_aJang, SooCheong (Shawn). _eauthor. _959572 |
||
| 942 |
_2ddc _cPER |
||
| 999 |
_c21108 _d21108 |
||